000 00859nam a22002537a 4500
999 _c316070
_d316070
001 29675
003 UA-OsUOA
005 20200126213352.0
007 ta
008 20041022b un ||||| |||| 00| 0 ukr d
020 _a966-02-2116-9
040 _aUA-OsUOA
_bukr
_cUA-OsUOA
_dUA-OsUOA
041 _aukr
044 _aUA
080 _a82.09(477)
090 _a82.09(477)
_bМ64
100 _aМірошниченко Л.
245 _aНад рукописами Лесі Українки
_bнариси з психології творчості та текстології
_cЛ. Мірошниченко ; ред. М. П. Кодак
260 _aКиїв
_bНАН України Інститут літератури ім. Т. Г. Шевченка
_c2001
300 _a264 с.
_bІлюстрації
650 7 _2UDC
942 _cBK
_2udc
955 _a0